Zara / (Record no. 162779)
[ view plain ]
| 000 -LEADER | |
|---|---|
| campo de control de longitud fija | 00690nam a22002055i 4500 |
| 001 - NÚMERO DE CONTROL | |
| campo de control | 162779 |
| 003 - IDENTIFICADOR DE NÚMERO DE CONTROL | |
| campo de control | ES-MaACL |
| 005 - FECHA Y HORA DE LA ÚLTIMA TRANSACCIÓN | |
| campo de control | 20240501063052.0 |
| 008 - DATOS DE LONGITUD FIJA--INFORMACIÓN GENERAL | |
| campo de control de longitud fija | 050627s1894 po | |||||||| ||por d |
| 040 ## - FUENTE DE CATALOGACIÓN | |
| Centro catalogador/agencia de origen | CAM |
| Lengua de catalogación | spa |
| Centro/agencia transcriptor | CAM |
| 100 0# - ENTRADA PRINCIPAL--NOMBRE DE PERSONA | |
| Nombre de persona | Quental, Antero de |
| Fechas asociadas al nombre | 1842-1891 |
| 9 (RLIN) | 94520 |
| 245 10 - MENCIÓN DEL TÍTULO | |
| Título | Zara / |
| Mención de responsabilidad, etc. | Anthero de Quental. |
| 250 ## - MENCION DE EDICION | |
| Mención de edición | Ed. polyglotta. |
| 260 ## - PUBLICACIÓN, DISTRIBUCIÓN, ETC. | |
| Lugar de publicación, distribución, etc. | Lisboa : |
| Nombre del editor, distribuidor, etc. | Imprensa Nacional, |
| Fecha de publicación, distribución, etc. | 1894. |
| 300 ## - DESCRIPCIÓN FÍSICA | |
| Extensión | 89 p. ; |
| Dimensiones | 20 cm. |
| 597 ## - NOTA DE DESCRIPCIÓN FÍSICA | |
| NOTA DE DESCRIPCIÓN FÍSICA | Port. a dos tintas. |
| 852 ## - LOCALIZACIÓN | |
| Ubicación | ES-MaACL |
| Número de control de estantería | T-768-F-4 |
| Nota libre | -- Enc. hol., conservando la enc. original |
| -- | -- Enc. en un vol. facticio ; ejemp. nº 268 de un tirada de 100 (de 181 a 280) |
| Estatus retirado | Estado de pérdida | Estado de daño | No para préstamo | Colección | Biblioteca de origen | Biblioteca actual | Ubicación en estantería | Fecha de adquisición | Fuente de adquisición | Total de préstamos | Signatura topográfica completa | Código de barras | Visto por última vez | Precio de reemplazo | Tipo de ítem Koha |
|---|---|---|---|---|---|---|---|---|---|---|---|---|---|---|---|
| Colección de folletos | Biblioteca del Ateneo de Madrid | Biblioteca del Ateneo de Madrid | Depósito folletos | 17/01/2008 | T-768-F | 1170549 | 23/02/2023 | 23/02/2023 | Folleto |
